1886 1334 1712 1730 1273 1555 1535 1372 1893 1610 1374 1094 1233 1830 1994 1672 1038 1371 1260 1773 1478 1803 1090 1228 1510 1698 1438 1227 1545 1712 1638 1417 1391 1426 1889 1185 1527 1380 1164 1600 1445 1559 1090 1554 1843 1173 1650 1157 1378 1693 1783 1633 1866 1927 1621 1704 1824 1950 1048 1549 1769 1372 1312 1461 1113 1957 1031 1205 1603 1927 1657 1290 1895 1394 1743 1835 1665 1931 1737 1668 1545 1746 1214 1473 1082 1041 1031 1219 1570 1869 1557 1825 1911 1200 1147 1498 1492 1267 1195 BCNSPRNW ULIB Ver.6.0+V

เปลี่ยนเป็นภาษาไทย

Change to English
 แสดงรายละเอียดบรรณานุกรม
  กลับหน้าหลัก

Brief Record : Get Marc (ISO 2709) : E-mail record : QR code < ปิดหน้าต่าง
LEADER : 00000nam 2200000uu 4500
001    13399114098
003     ULIB
008    110627s||||||||th 000 0 tha d
020    9789742556679
090    นว.^bอ997ง 2550
100 0  ไอริณ
245 00 เงาริษยา/^cไอริณ
250    พิมพ์ครั้งที่ 1
260    กรุงเทพฯ :^bศิลปาบรรณาคาร,^c2550
300    455 หน้า
710 1  ศิลปาบรรณาคาร
945    ^p300^l0^i022026
995    ทศพร
999 ^a ใช้งานได้ทุกระบบ
รายการนี้ยังไม่มีแท็ก
คุณยังไม่ได้ล็อกอิน คุณสามารถมีกิจกรรมร่วมกับเว็บไซต์ได้ แต่ต้องล็อกอินก่อน ::
  ล็อกอิน

รายการสื่อสารสนเทศ

ลำดับที่ ประเภท เลขเรียก/บาร์โค้ด สถานที่ สถานะ
1. นวนิยาย
นวนิยาย
นว. อ997ง 2550 ฉ.1 
  Barcode: 022026
ห้องสมุดวิทยาเขตสวรรค์ประชารักษ์
►นวนิยาย
บนชั้น
  ขอยืม

รายการใกล้เคียง
    ผู้แต่ง [ไอริณ]

BibComment


ยังไม่เคยถูกคอมเมนท์

คอมเมนท์ทรัพยากรรายการนี้
  คอมเมนท์: เงาริษยา ไอริณ


 Copyright 2026. Bcnsprnw @Library